000
00336nam a22001457a 4500
008
221020b ||||| |||| 00| 0 eng d
020
_a
9780803661660
041
_a
eng
080
_2
sixth edition
_a
610.73
082
_a
610.73
100
_a
9
101
_a
inf
245
_a
FAMILY HEALTH CARE NURSING
_c
KAAKINEN J
942
_2
udc
_c
BK
999
_c
58623
_d
58623